Neziskové organizace v ekonomice USA
Zložitá problematika neziskových organizácií v USA z hľadiska právneho, hľadiska manažmentu, účtovných systémov. Významné miesto neziskových organizácií vo vyspelých krajinách. Vypracovávanie porovnávacích analýz pre vytváranie legislatívnych organizačných podmienok v ekonomike ČR. Kategorizácia nez...
Enregistré dans:
| Auteur principal: | |
|---|---|
| Format: | Chapitre de livre |
| Langue: | tchèque |
| Sujets: | |
| Tags: |
Pas de tags, Soyez le premier à ajouter un tag!
|
MARC
| LEADER | 00000naa a2200000 4500 | ||
|---|---|---|---|
| 001 | r015359 | ||
| 005 | 20221213082705.3 | ||
| 041 | 0 | |a cze | |
| 044 | |a CZ | ||
| 245 | 1 | 0 | |a Neziskové organizace v ekonomice USA |c Karel Zeman |
| 520 | |a Zložitá problematika neziskových organizácií v USA z hľadiska právneho, hľadiska manažmentu, účtovných systémov. Významné miesto neziskových organizácií vo vyspelých krajinách. Vypracovávanie porovnávacích analýz pre vytváranie legislatívnych organizačných podmienok v ekonomike ČR. Kategorizácia neziskových organizácií, používaná v USA. Ciele činnosti neziskových organizácií. Pôsobenie vlády a štátu na činnosť týchto organizácií. | ||
| 610 | 2 | 0 | |a organizácie neziskové |
| 610 | 2 | 0 | |a USA |
| 610 | 2 | 0 | |a organizácie nevládne |
| 610 | 2 | 0 | |a osoby právnické |
| 610 | 2 | 0 | |a vláda |
| 610 | 2 | 0 | |a legislatíva |
| 610 | 2 | 0 | |a Česko |
| 100 | 1 | |a Zeman, Karel | |